000 00229 a2200097 4500
001 14876
100 _aHill C
245 _aLenin and the Russian revolution
260 _aLondon
_bHodder & Stoughton ltd
_c
090 _c11645
_d11645
942 _aNUST-CAE
_cM
_c1831
999 _c249949
_d249949